00463nam a2200121Ia 4500008004100000082002600041100002800067245007300095260002100168365000600189630007300195730007300268100415s9999 xx 000 0 und d b17143a574.52652(544) aO'Brien Anthony Gordon aThe Ancient Chronology of Thar: The Bhattika, Laukika and Sindh Eras aDELHIc1996bOUP b0 aThe Ancient Chronology of Thar: The Bhattika, Laukika and Sindh Eras aThe Ancient Chronology of Thar: The Bhattika, Laukika and Sindh Eras